000 00632nam a2200241Ia 4500
005 20260430150348.0
008 008 250103s9999 xx 000 0 eng d
037 _aTheses
040 _aCRL
040 _beng
040 _ceng
041 _2eng
041 _aeng
084 _qCRL
100 _aVerma Akshay Au.; Sharma Alok Gu.
_91237262
245 0 _aFrom Sole-Arbitration to Hybrid-Arbitration: A Legal Study of its Evolution and Development
260 _c2022
300 _a203p.
650 _aLaw
700 _aUniversity of Delhi. Faculty of Arts. Deptt. of Law
942 _cTH
999 _c1849602
_d1849602